000 00542nam a2200217Ia 4500
003 OSt
005 20220928141041.0
006 a|||||r|||| 00| 0
007 ta
008 220927b |||||||| |||| 00| 0 eng d
024 _a13169
037 _cTextual
040 _aSDCL
_cSDCL
_beng
041 _2eng
_aeng
082 _aV1:19'N8, M1
100 _aRosenau James N
_9498725
245 0 _aStudy of political adaptation
260 _c1981
942 _hV1:19'N8, M1
_cTEXL
_2CC
999 _c815578
_d815578